| 000 | 01416nam a2200349 i 4500 | ||
|---|---|---|---|
| 003 | EG-GICUC | ||
| 005 | 20260121101212.0 | ||
| 008 | 251111s1997 UA ||||fr|||| 000 0 ARA d | ||
| 017 | _a97/15/74 | ||
| 020 | _a997-04-2252- | ||
| 040 |
_a EG-GICUC _bara _c EG-GICUC _d EG-GICUC _erda |
||
| 041 | 0 | _aARA | |
| 082 | 0 | 4 |
_221 _a341.77 _bأ ب . ن |
| 092 | 0 | 4 | _221 |
| 099 | _aLaw1 11 1997 341.77 أ ب . ن | ||
| 100 | 0 |
_aأبو العلا على أبو العلا النمر ، _eمؤلف. |
|
| 245 | 1 | 0 |
_aنحو تعزيز حماية البيئة الأثرية المصرية فى العلاقات الخاصة الدولية / _cتأليف الدكتور أبو العلا على أبو العلا النمر . |
| 250 | _aالطبعة الأولى | ||
| 264 | 1 |
_aالقاهرة : _bدار النهضة العربية ، _c1997 . |
|
| 300 |
_a232 ؛ صفحة _b _c24 سم |
||
| 336 |
_2rda content _atext |
||
| 337 |
_2rda media _aComputer |
||
| 338 |
_2rda carrier _aOnline Resource |
||
| 504 | _aيشتمل على ارجاعات ببليوجرافية . | ||
| 546 | _aالنص أغلبه باللغة العربية مع بعض النصوص الإنجليزية | ||
| 650 | 1 | _aالقانون الجنائى الدولى | |
| 650 | 1 | _aالقانون الدولى | |
| 651 | 1 | _2qrmak | |
| 856 | 4 | 0 | _uhttps://fll.law.cu.edu.eg/fulltext/bks/B11-06471.pdf |
| 905 | _a76 | ||
| 942 |
_2ddc _cBK _e21 _n0 |
||
| 999 |
_c42683 _d42683 |
||